Grob's Basic Electronics 10e / (Record no. 699)

000 -LEADER
fixed length control field 00649nam a2200205 a 4500
020 ## - INTERNATIONAL STANDARD BOOK NUMBER
ISBN 0070634327 (paperback)
020 ## - INTERNATIONAL STANDARD BOOK NUMBER
ISBN 9780070634329 (paperback)
100 1# - MAIN ENTRY--AUTHOR NAME
Personal name Schultz, Mitchel.
245 10 - TITLE STATEMENT
Title Grob's Basic Electronics 10e /
260 ## - PUBLICATION, DISTRIBUTION, ETC. (IMPRINT)
Place of publication [S.l.] :
Name of publisher Tata Mcgraw Hill,
Year of publication 2006.
300 ## - PHYSICAL DESCRIPTION
Number of Pages 1 v. (unpaged) ;
500 ## - GENERAL NOTE
General note International Edition.
520 ## - SUMMARY, ETC.
Summary, etc Book by Mitchel Schultz.
650 ## - SUBJECT ADDED ENTRY--TOPICAL TERM
Topical Term Electric circuits
650 ## - SUBJECT ADDED ENTRY--TOPICAL TERM
Topical Term Electric circuits--Alternating current
650 ## - SUBJECT ADDED ENTRY--TOPICAL TERM
Topical Term Electric circuits--Direct current
650 ## - SUBJECT ADDED ENTRY--TOPICAL TERM
Topical Term Electric circuits--Alternating current
856 40 - ELECTRONIC LOCATION AND ACCESS
Uniform Resource Identifier http://10.10.170.122:8080/browse/book/1532
942 ## - ADDED ENTRY ELEMENTS (KOHA)
Koha item type Books
Holdings
Withdrawn status Lost status Permanent Location Current Location Date acquired Cost, normal purchase price Full call number Accession Number Koha item type Collection code
    Central Library, QUEST, Nawabshah Central Library, QUEST, Nawabshah 2014-04-28 245.00 621.381SCH 31430 Books  
    Central Library, QUEST, Nawabshah Central Library, QUEST, Nawabshah 2014-04-28 245.00 621.381SCH 31432 Books  
    Central Library, QUEST, Nawabshah Central Library, QUEST, Nawabshah 2014-04-28 245.00 621.381SCH 31433 Books  
    Central Library, QUEST, Nawabshah Central Library, QUEST, Nawabshah 2014-04-28 245.00 621.381SCH 31434 Books  
    Central Library, QUEST, Nawabshah Central Library, QUEST, Nawabshah 2014-04-28 245.00 621.381SCH 31435 Books  
    Central Library, QUEST, Nawabshah Central Library, QUEST, Nawabshah 2014-04-28 245.00 621.381SCH 31436 Books  
    Central Library, QUEST, Nawabshah Central Library, QUEST, Nawabshah 2015-10-30 2295.00 621.381SCH 52573 Books  
    Reference Section Reference Section 2014-04-28 245.00 621.381SCH (Shelf - 56C) 31431 Books Reference

Copyright © 2018,The QUEST, Nawabshah, Shaheed Benazirabad. All rights reserved
Mr. G. Farooq Channar (Librarian) QUEST, Nawabshah, Sindh, Pakistan 67480.
 Ph#: |   0244-9370381-4 Ext. 2308   Email| lib@quest.edu.pk   Web|  http://www.quest.edu.pk